000 00816cam a22002413a 4500
001 9949
003 PGUSA
005 20140828083218.0
008 060201s2006||||xxu|||||s|||||000 | eng d
040 _aPGUSA
_beng
042 _adc
050 4 _aF516
100 1 _aNowlin, William,
_d1821-1884
245 1 4 _aThe Bark Covered House :
_bOr, Back In the Woods Again; Being a Graphic and Thrilling Description of Real Pioneer Life in the Wilderness of Michigan
_h[electronic resource] /
_cWilliam Nowlin
260 _bProject Gutenberg,
_c2006
506 _aPublic domain in the USA.
516 _aElectronic text
653 _aFrontier and pioneer life -- Michigan -- Dearborn
653 _aDearborn (Mich.)
830 0 _aProject Gutenberg
_v9949
856 4 0 _uhttp://www.gutenberg.org/ebooks/9949
942 _cEB
999 _c239205
_d239205